| 000 | 01913cam a22003377i 4500 | ||
|---|---|---|---|
| 999 |
_c13954 _d13954 |
||
| 003 | OSt | ||
| 005 | 20260309173944.0 | ||
| 008 | 230414s2021 caua b 001 0 eng d | ||
| 020 |
_a9781954081215 _qpaperback |
||
| 042 | _alccopycat | ||
| 050 | 0 | 0 |
_aNA680 _b.L48 2021 |
| 082 | 0 | 4 |
_a724.6 _223 |
| 100 | 1 |
_aLeveratto, Jacopo, _eauthor. |
|
| 245 | 1 | 0 |
_aPosthuman architectures : _ba catalogue of archetypes / _cJacopo Leveratto. |
| 250 | _aFirst edition. | ||
| 300 |
_a239 pages : _billustrations ; _c22 cm |
||
| 500 | _aPlace of publication from publisher's website. | ||
| 504 | _aIncludes bibliographical references and index. | ||
| 520 | 8 | _aFor long, spatial design has been seen as an action that could be performed by people and for people only. And today, even though some of the most meaningful projects of our times seem to challenge this concept, qualitative researches still struggle to emerge. This is why this book collects, reconstructs, and discusses archetypal models of posthuman architecture, from the cabin of Henry David Thoreau to the Svalbard Global Seed Vault. To show how architectural, landscape, and industrial designers, be they professional practitioner or not, redefined their tools in order to meet the functional and symbolic needs of new and different kinds of subjects. All this in ten monographic architectural tales, thought to trace the evolution of an extended idea of coexistence between humans and other species and technologies. | |
| 648 | 7 |
_a1900-2099 _2fast |
|
| 650 | 0 |
_aArchitecture, Modern _y20th century. |
|
| 650 | 0 |
_aArchitecture, Modern _y21st century. |
|
| 650 | 0 | _aArchitecture, Postmodern. | |
| 650 | 6 |
_aArchitecture _y20e siècle. |
|
| 650 | 6 |
_aArchitecture _y21e siècle. |
|
| 650 | 6 | _aArchitecture postmoderne. | |
| 650 | 7 |
_aPostmodern. _2aat |
|
| 650 | 7 |
_aArchitecture, Modern. _2fast |
|
| 650 | 7 |
_aArchitecture, Postmodern. _2fast |
|
| 942 | _2ddc | ||